000 01464nam a2200373Ii 4500
001 DIGDOCEC0280
003 NyNyDIG
006 m o d
007 cr |||||||||||
008 250404s2022 sp a o 000 m spa d
035 _a(OCoLC)1513492716
040 _aDGITA
_beng
_erda
_epn
_cDGITA
020 _z9788497444156
050 1 4 _aPQ6722.I431637 ebook
100 1 _aVílchez, Chema,
_eauthor.
245 1 3 _aLa sembradora de luz :
_bcuentos y poemas para el despertar /
_cChema Vílchez ; ilustraciones y pinturas, Carmen Redondo.
264 1 _aAranjuez (Madrid) :
_bEdiciones Doce Calles,
_c[2022]
300 _a1 online resource :
_billustrations.
336 _atext
_btxt
_2rdacontent
337 _acomputer
_bc
_2rdamedia
338 _aonline resource
_bcr
_2rdacarrier
347 _atext file
_2rdaft
347 _bPDF
588 0 _aOnline resource; title from PDF title page (Digitalia, viewed April 4, 2025)
655 7 _aShort stories.
_2lcgft
655 7 _aLyric poetry.
_2lcgft
700 1 _aRedondo, Carmen,
_d1971-
_eillustrator.
791 2 _aDigitalia (Firm),
_edistributor.
793 0 _gDigitalia eBook Collection:
_aEdiciones Doce Calles
776 0 8 _iPrint version:
_aVílchez, Chema.
_tSembradora de luz.
_b1a edición.
_dAranjuez (Madrid) : Ediciones Doce Calles, [2022]
_z9788497444156
856 4 0 _3Digitalia Hispánica
_uhttps://www.digitaliapublishing.com/a/171262/
910 _aPremium collection: 2025
942 _cRAA
999 _c290784
_d290784